Superhuman: World's Smallest People (Record no. 335090)
[ view plain ]
| 000 -LEADER | |
|---|---|
| fixed length control field | 00550nam a2200097Ia 4500 |
| 008 - FIXED-LENGTH DATA ELEMENTS--GENERAL INFORMATION | |
| fixed length control field | 170517s9999 xx 000 0 und d |
| 245 ## - TITLE STATEMENT | |
| Title | Superhuman: World's Smallest People |
| 300 ## - PHYSICAL DESCRIPTION | |
| Extent | For each of the captivating subjects in the breezily entertaining documentary Superhuman: World's Smallest People, the true measurement of a person is more than just inches and pounds. It's a formula built from equal parts determination, perseverance and the... |
| 650 ## - SUBJECT ADDED ENTRY--TOPICAL TERM | |
| General subdivision | Technology. |
| 856 ## - ELECTRONIC LOCATION AND ACCESS | |
| Uniform Resource Identifier | <a href="http://topdocumentaryfilms.com/superhuman-worlds-smallest-people/">http://topdocumentaryfilms.com/superhuman-worlds-smallest-people/</a> |
| Withdrawn status | Lost status | Damaged status | Home library | Current library | Date acquired | Total Checkouts | Date last seen | Price effective from | Koha item type |
|---|---|---|---|---|---|---|---|---|---|
| College Library | College Library | 05/17/2017 | 05/17/2017 | 05/17/2017 | Documentary Films |